|
|
|
|
| LEADER |
00967nam a22002537a 4500 |
| 001 |
31307 |
| 003 |
BD-DhAAL |
| 005 |
20160929124158.0 |
| 008 |
160929s2015 bg ||||| |||| 00| 0 eng d |
| 020 |
|
|
|a 9789849156307
|
| 040 |
|
|
|a BD-DhAAL
|c BD-DhAAL
|
| 082 |
|
|
|2 23
|a 346.54910438
|
| 100 |
|
|
|a Haque, Md. Azizul
|9 20470
|
| 245 |
|
|
|a A commentary on the registration act :
|b all amendments and recent rulings included /
|c Md. Azizul Haque
|
| 260 |
|
|
|a Dhaka :
|b Universal Book House
|
| 300 |
|
|
|a xxxi, 430 pages ;
|c 24 cm.
|
| 504 |
|
|
|a Includes bibliographical references.
|
| 526 |
|
|
|a Library
|
| 541 |
|
|
|e 31307
|
| 650 |
|
|
|a Recording and registration
|z Bangladesh
|9 20471
|
| 852 |
|
|
|a Ayesha Abed Library
|c General Stacks
|
| 942 |
|
|
|2 ddc
|c BK
|
| 999 |
|
|
|c 37788
|d 37788
|
| 952 |
|
|
|0 0
|1 0
|2 ddc
|4 0
|6 346_549104380000000_HAQ
|7 0
|9 59640
|a BRACUL
|b BRACUL
|c GEN
|d 2016-09-29
|e Complementary Copy
|g 900.00
|l 2
|m 17
|o 346.54910438 HAQ
|p 3010031307
|r 2019-04-18
|s 2019-03-21
|t 1
|w 2016-09-29
|y BK
|